Relaciones internacionales y comunidades autónomas : seminario celebrado en Barcelona el 9 de mayo de 1990 seminario celebrado en Barcelona el 9 de mayo de 1990
ISBN:
84-393-1412-4
Descripción Física:
90 p. ; 21 cm
Colección:
Institut d'Estudis Autonòmics ; 11
Otros Autores:
Institut d'Estudis Autonòmics (Catalunya)
MARC
| LEADER | 00000nam a2200000Ia 4500 | ||
|---|---|---|---|
| 001 | 18791 | ||
| 008 | 160829s1990 xx 000 0 cat d | ||
| 020 | |a 84-393-1412-4 | ||
| 080 | |a D-3-158 | ||
| 245 | |a Relaciones internacionales y comunidades autónomas : |b seminario celebrado en Barcelona el 9 de mayo de 1990 | ||
| 260 | |a Barcelona : |b Generalitat de Catalunya. Institut d'Estudis Autonòmics, |c 1990 | ||
| 300 | |a 90 p. ; |c 21 cm | ||
| 490 | |a Institut d'Estudis Autonòmics ; 11 | ||
| 590 | |a Resum en anglès. | ||
| 590 | |a Ponències del seminari | ||
| 650 | |a Dret internacional |x Espanya |x Comunitats autònomes |x Congressos |9 46383 | ||
| 650 | |a Espanya |x Relacions exteriors |x Congressos |9 46384 | ||
| 700 | |a Institut d'Estudis Autonòmics (Catalunya) |9 11016 | ||
| 901 | |a Arxiu | ||
| 942 | |n 1 | ||
| 952 | |0 1 |1 0 |2 udc |4 0 |5 2 |6 D3158 |7 1 |9 53179 |a Arxiu |b Arxiu |d 2016-12-01 |l 0 |o D-3-158 |p 18791 |r 2016-12-01 00:00:00 |w 2016-12-01 |y ARXIU | ||
| 999 | |c 57028 |d 57028 | ||